| 000 | 00895nam a22002777a 4500 | ||
|---|---|---|---|
| 003 | CBULib | ||
| 005 | 20231117135830.0 | ||
| 008 | 230720b |||||||| |||| 00| 0 eng d | ||
| 020 | _a9780198733669 | ||
| 040 |
_aLC _bEnglish _cCBULib _dCBULib _erda |
||
| 041 | _aeng | ||
| 050 | _aBD 541 Anj | ||
| 100 | 1 |
_9148 _aAnjum, Rani Lill |
|
| 245 |
_aCausation in science and the methods of scientific discovery _c/ by Rani Lill Anjum and Stephen Mumford |
||
| 260 |
_aOxford : _bOxford University Press, _c[2018] |
||
| 300 | _axiii, 278 pages : illustrations | ||
| 336 |
_2rdacontent _aText | _btxt |
||
| 337 |
_2rdamedia _aUnmediated | _bn |
||
| 338 |
_2rdacarrier _aVolume _bnc |
||
| 504 | _aIncludes references and index | ||
| 650 | 0 |
_aCAUSATION _9149 |
|
| 650 | 0 |
_9150 _aSCIENCE--METHODOLOGY |
|
| 650 | 0 |
_aPHILOSOPHY OF SCIENCE _9151 |
|
| 700 | 1 |
_9152 _aMumford, Stephen |
|
| 942 |
_2lcc _c002 |
||
| 999 |
_c81198 _d81198 |
||